[Event "Let's Play Chess!"]
[Site "http://www.queenalice.com/game.php?id=29879"]
[Date "2005.9.22"]
[Round "-"]
[White "Great_White"]
[Black "setho301"]
[Result "1-0"]
[WhiteElo "1464"]
[BlackElo "1298"]

1. e4 e5 2. Bc4 Nf6 3. Nf3 Nxe4 4. Nxe5 d6 5. Nxf7 Nxf2 6. Kxf2 Qh4+ 7. g3 Qd4+
8. Kg2 Qe4+ 9. Qf3 Qxc4 10. Nxh8 Qc5 11. Re1+ Be7 12. Qf7+ Kd7 13. Rxe7+ Kc6 14.
Rxc7+ Kb6 15. Rxc5 dxc5 16. Qxg7 Nc6 17. Na3 a5 18. c4 h5 19. d3 h4 20. Bf4 Bd7
21. Qxd7 Rd8 22. Bc7+ Ka6 23. Bxd8 Nxd8 24. Qxd8 a4 25. Re1 hxg3 26. Re6+ b6 27.
Qa8# 1-0

[Event "Challenge"]
[Site "http://www.queenalice.com/game.php?id=29978"]
[Date "2005.9.22"]
[Round "-"]
[White "Great_White"]
[Black "KnigtyNight"]
[Result "1-0"]
[WhiteElo "1497"]
[BlackElo "1245"]

1. e4 c5 2. Nc3 Nc6 3. Nf3 g6 4. d4 cxd4 5. Nxd4 Bg7 6. Be3 e6 7. Qf3 Nge7 8.
O-O-O a6 9. Qg3 O-O 10. Be2 d5 11. exd5 Nxd5 12. Nxc6 1-0

[Event "Challenge"]
[Site "http://www.queenalice.com/game.php?id=30017"]
[Date "2005.9.23"]
[Round "-"]
[White "Great_White"]
[Black "miguel"]
[Result "1-0"]
[WhiteElo "1516"]
[BlackElo "1559"]

1. Nc3 e5 2. e4 Nf6 3. d4 Nc6 4. Nf3 Bb4 5. Nxe5 Nxe5 6. dxe5 Bxc3+ 7. bxc3 Nxe4
8. Qd3 Nc5 9. Qd4 b6 10. Bd3 Bb7 11. O-O d6 12. Re1 O-O 13. exd6 Qxd6 14. Bf4
Qc6 15. f3 Rad8 16. Qe3 Nxd3 17. cxd3 Qxc3 18. Red1 Rfe8 19. Qd2 Rxd3 20. Qxd3
Qf6 21. Qd7 Bc6 22. Qxc7 h6 23. Rac1 Bb5 24. Bg3 Qe6 25. Qxa7 Be2 26. Re1 Qe3+
27. Bf2 Qg5 28. Bxb6 Re7 29. Qb8+ Kh7 30. Bd8 Bxf3 31. Qg3 Rxe1+ 32. Rxe1 Qc5+
33. Qf2 Qxf2+ 34. Kxf2 Bc6 35. Ra1 g5 36. g4 Bd7 37. h3 Kg6 38. a4 h5 39. a5
hxg4 40. hxg4 Bxg4 41. a6 Bc8 42. a7 Bb7 43. Ra6+ Kf5 44. a8=Q Bxa8 45. Rxa8 g4
46. Bc7 Kg5 47. Kg3 f5 48. Bf4+ Kh5 49. Rh8+ Kg6 50. Kh4 Kg7 51. Rh6 1-0

[Event "AUTO-OPEN-148"]
[Site "http://www.queenalice.com/game.php?id=30130"]
[Date "2005.9.23"]
[Round "1"]
[White "barcino"]
[Black "Great_White"]
[Result "0-1"]
[WhiteElo "1261"]
[BlackElo "1500"]

1. e3 c6 2. Nh3 d5 3. g3 Nf6 4. b3 e5 5. c4 Bxh3 6. Bxh3 Nbd7 7. f4 exf4 8. gxf4
Be7 9. Bb2 O-O 10. Rg1 a5 11. a3 g6 12. a4 Ne4 13. f5 Bh4+ 14. Kf1 Nf2 15. Qe2
Nxh3 16. Rg4 Qe7 17. Kg2 Nf2 18. Ba3 Nc5 19. Rf4 Qg5+ 20. Kf1 Nce4 21. d3 Rfe8
22. Nd2 Nxd2+ 23. Qxd2 Ng4 24. cxd5 Nxe3+ 25. Ke2 Qg2+ 26. Rf2 Qxf2# 0-1

[Event "Challenge"]
[Site "http://www.queenalice.com/game.php?id=31591"]
[Date "2005.10.4"]
[Round "-"]
[White "Great_White"]
[Black "kjbesquire"]
[Result "0-1"]
[WhiteElo "1581"]
[BlackElo "1554"]

1. c4 e5 2. Nc3 Nf6 3. d3 Nc6 4. Bg5 Bc5 5. Nf3 h6 6. Bh4 g5 7. Nxg5 hxg5 8.
Bxg5 Rg8 9. Qd2 Bxf2+ 10. Kxf2 Ng4+ 11. Ke1 Qxg5 12. Ne4 Qh4+ 13. g3 Qe7 14. a3
Nd4 15. Qc3 f5 16. Nf2 Ne3 17. Kd2 Qg5 18. Nh3 Nxf1+ 19. Ke1 Qe3 20. Ng1 Nxh2
21. Qd2 Nhf3+ 22. Nxf3 Nxf3+ 23. Kf1 Nxd2+ 24. Kg2 Qxg3# 0-1

[Event "Challenge"]
[Site "http://www.queenalice.com/game.php?id=36103"]
[Date "2005.11.2"]
[Round "-"]
[White "claudiofer"]
[Black "Great_White"]
[Result "1-0"]
[WhiteElo "1604"]
[BlackElo "1523"]

1. e3 e5 2. e4 Nf6 3. d4 exd4 4. Qxd4 c5 5. Qe3 d6 6. Nf3 Nc6 7. c4 a6 8. Bd3
Be7 9. O-O O-O 10. Rd1 Bd7 11. Bd2 Qb6 12. b3 Nb4 13. Bxb4 Qxb4 14. Rf1 b5 15.
Nbd2 a5 16. e5 dxe5 17. Nxe5 Rad8 18. Ne4 Nxe4 19. Qxe4 g6 20. Rfb1 Bf5 21. Qf3
Bxd3 22. Nxd3 Qd2 23. Rd1 Qc3 24. cxb5 c4 25. bxc4 Qxc4 26. Ne5 Rxd1+ 27. Rxd1
Qxb5 28. Qe3 Bc5 29. Qg5 1-0

[Event "Challenge"]
[Site "http://www.queenalice.com/game.php?id=38052"]
[Date "2005.11.15"]
[Round "-"]
[White "sweetChess"]
[Black "Great_White"]
[Result "1-0"]
[WhiteElo "1883"]
[BlackElo "1497"]

1. d4 d5 2. Nf3 Nf6 3. e3 Bf5 4. c4 c6 5. Qb3 b6 6. Ne5 Nfd7 7. cxd5 Nxe5 8.
dxe5 e6 9. d6 f6 10. e4 Bxd6 11. exf5 Bxe5 12. fxe6 Qe7 13. Bd3 O-O 14. O-O b5
15. Be4 Rc8 16. a4 b4 17. Nd2 Na6 18. Nf3 Bd6 19. Qd3 Nc5 20. Bxh7+ Kf8 21. Qf5
Nxe6 22. Re1 Re8 23. Bg6 Rad8 24. Bxe8 Rxe8 25. Qg4 1-0

[Event "Challenge"]
[Site "http://www.queenalice.com/game.php?id=41931"]
[Date "2005.12.6"]
[Round "-"]
[White "MECFIELD"]
[Black "Great_White"]
[Result "1-0"]
[WhiteElo "1518"]
[BlackElo "1514"]

1. e4 c5 2. Qf3 e5 3. Bc4 Nf6 4. Nh3 h6 5. Nc3 d6 6. Nd5 Nxd5 7. Bxd5 Qe7 8. d3
Be6 9. Bxb7 Qxb7 10. c3 Be7 11. d4 Bc4 12. b3 Bb5 13. Ba3 cxd4 14. O-O-O Nc6 15.
c4 Ba6 16. Kd2 O-O 17. g4 Nb4 18. Rhg1 Nxa2 19. g5 hxg5 20. Nxg5 1-0